000 00594nam a22001817a 4500
005 20251108165309.0
008 250721s1981 xx 000 0 ara d
082 1 4 _a956.52/روح
100 1 _aالخطيب، روحي
245 1 0 _aالحفريات الإسرائيلية حول المسجد الأقصى و مسجد الصخرة المشرفة /
264 1 _aالقدس :
_bأمانة القدس،
_c1981.
300 _a44ص : مص
650 1 7 _aتاريخ فلسطين
650 1 7 _aتاريخ القدس
650 1 7 _aالمدن العربية
942 _2ddc
_cBK
999 _c24430
_d24430